| 000 | 00000nam##2200000za#4500 |
| 001 | 9.662649 |
| 003 | CaOODSP |
| 005 | 20210615120651 |
| 007 | ta |
| 008 | 150407|2001||||xxc||||| f|0| 0 eng|d |
| 020 | |a0-662-65590-7 |
| 040 | |aCaOODSP|beng |
| 041 | |aeng |
| 041 | |afre |
| 043 | |an-cn--- |
| 086 | 1 |aPF4-9/2001 |
| 110 | 1 |aCanada.|bCanada Information Office. |
| 245 | 10|aServices for children : |bguide to Government of Canada services for children and their families |
| 260 | |aOttawa - Ontario : |bCanada Information Office |c2001. |
| 300 | |aEnglish text, 32p. ; |c21 cm. |
| 520 | 3 |aThis guide outlines a wide range of federal programs and services for expectant parents and families with children of all ages. Topics include tax measures, child safety and nutrition, education programs, recreation and travel, youth employment and services for aboriginal families, families with special needs and immigrant families. |
| 546 | |aBilingual |
| 563 | |aSoftcover |
| 590 | |a01-23|b2001-06-08 |
| 690 | 07|aChild care|2gcpds |
| 690 | 07|aChild safety|2gcpds |
| 690 | 07|aFamily|2gcpds |
| 690 | 07|aGovernment services|2gcpds |
| 690 | 07|aParenting|2gcpds |
| 776 | 0#|tServices pour enfants : |w(CaOODSP)9.642096 |
| 776 | 0#|tServices for children: guide to government of Canada services for children and their families |w(CaOODSP)9.648215 |
| 776 | 0#|tServices for children: guide to government of Canada services for children and their families |w(CaOODSP)9.648216 |
| 776 | 0#|tServices for children: guide to government of Canada services for children and their families |w(CaOODSP)9.648217 |
| 776 | 0#|tServices for children: guide to government of Canada services for children and their families |w(CaOODSP)9.648218 |
| 776 | 0#|tServices pour enfants: guide des services du gouvernement du Canada pour les enfants et leurs familles |w(CaOODSP)9.681531 |
| 776 | 0#|tServices pour enfants: guide des services du gouvernement du Canada pour les enfants et leurs familles |w(CaOODSP)9.681532 |
| 776 | 0#|tServices pour enfants: guide des services du gouvernement du Canada pour les enfants et leurs familles |w(CaOODSP)9.681533 |
| 776 | 0#|tServices pour enfants: guide des services du gouvernement du Canada pour les enfants et leurs familles |w(CaOODSP)9.681534 |
| 776 | 0#|tServices for children : |w(CaOODSP)9.698101 |
| 792 | |tServices pour enfants : |efre|w(CaOODSP)9.662650 |